Inside Microsoft Windows 2000 / (E-Book) (Record no. 191110)

000 -LEADER
fixed length control field 00979 a2200229 4500
003 - CONTROL NUMBER IDENTIFIER
control field Nust
005 - DATE AND TIME OF LATEST TRANSACTION
control field 20170207154009.0
010 ## - LIBRARY OF CONGRESS CONTROL NUMBER
LC control number 00031888
020 ## - INTERNATIONAL STANDARD BOOK NUMBER
International Standard Book Number 0735610215
040 ## - CATALOGING SOURCE
Transcribing agency Nust
082 00 - DEWEY DECIMAL CLASSIFICATION NUMBER
Classification number 005.4/4769
100 1# - MAIN ENTRY--PERSONAL NAME
Personal name Solomon, David A.
245 10 - TITLE STATEMENT
Title Inside Microsoft Windows 2000 / (E-Book)
Statement of responsibility, etc. David A. Solomon, Mark E. Russinovich.
246 30 - VARYING FORM OF TITLE
Title proper/short title Microsoft Windows 2000
250 ## - EDITION STATEMENT
Edition statement 3rd ed.
260 ## - PUBLICATION, DISTRIBUTION, ETC.
Place of publication, distribution, etc. Redmond, Wash. :
Name of publisher, distributor, etc. Microsoft Press,
Date of publication, distribution, etc. 2000.
300 ## - PHYSICAL DESCRIPTION
Extent xix, 903 p. :
Other physical details ill. ;
Dimensions 24 cm.
Accompanying material +1 computer laser optical disc (4 3/4 in.)
505 ## - FORMATTED CONTENTS NOTE
Formatted contents note Concepts and Tools- System Architecture- System Mechanisms- Startup and Shutdown- Management Mechanisms- Processes, Threads, and Jobs- Memory Management- Security- I/O System- Storage Management- Cache Manager- File Systems- Networking
650 #0 - SUBJECT ADDED ENTRY--TOPICAL TERM
Topical term or geographic name entry element Operating systems (Computers)
651 ## - SUBJECT ADDED ENTRY--GEOGRAPHIC NAME
Geographic name (E-Book)
700 1# - ADDED ENTRY--PERSONAL NAME
Personal name Russinovich, Mark E.
856 42 - ELECTRONIC LOCATION AND ACCESS
Materials specified Publisher description
Uniform Resource Identifier <a href="http://www.loc.gov/catdir/enhancements/fy1004/00031888-d.html">http://www.loc.gov/catdir/enhancements/fy1004/00031888-d.html</a>
Holdings
Withdrawn status Lost status Source of classification or shelving scheme Damaged status Not for loan Collection code Current Location Date acquired Total Checkouts Barcode Date last seen Price effective from Koha item type
            Military College of Signals (MCS) 12/12/2016   MCSEB-316 12/08/2016 12/12/2016 Book
© 2023 Central Library, National University of Sciences and Technology. All Rights Reserved.